Online katalóg knižníc regiónu Turca

Revízor (Record no. 20949)

MARC details
000 -LEADER
fixed length control field 01397nam a2200397 a 4500
001 - CONTROL NUMBER
control field 20949
003 - CONTROL NUMBER IDENTIFIER
control field VRT
005 - DATE AND TIME OF LATEST TRANSACTION
control field 20260207112146.0
008 - FIXED-LENGTH DATA ELEMENTS--GENERAL INFORMATION
fixed length control field 060622s1959 xr 000 1 cze d
035 ## - SYSTEM CONTROL NUMBER
System control number HEVK44181
039 #9 - LEVEL OF BIBLIOGRAPHIC CONTROL AND CODING DETAIL [OBSOLETE]
Level of rules in bibliographic description 202111062107
Level of effort used to assign nonsubject heading access points AUTHORITY
Level of effort used to assign subject headings 201912101757
Level of effort used to assign classification AUTHORITY
Level of effort used to assign subject headings 201912101739
Level of effort used to assign classification AUTHORITY
Level of effort used to assign subject headings 201912101729
Level of effort used to assign classification AUTHORITY
040 ## - CATALOGING SOURCE
Original cataloging agency HEVK
Language of cataloging slo
Transcribing agency HEVK
Modifying agency SVKBB
Description conventions AACR2
041 1# - LANGUAGE CODE
Language code of text/sound track or separate title slo
Language code of original ger
044 ## - COUNTRY OF PUBLISHING/PRODUCING ENTITY CODE
MARC country code xo
ISO country code SK
080 ## - UNIVERSAL DECIMAL CLASSIFICATION NUMBER
Universal Decimal Classification number 782
Edition identifier 2001
100 1# - MAIN ENTRY--PERSONAL NAME
Personal name Egk, Werner
245 10 - TITLE STATEMENT
Title Revízor
Remainder of title komická opera v piatich dejstvách podľa N. V. Gogoľa
Statement of responsibility, etc. Werner Egk ; preložila Jela Krčméry ; [štúdiu napísal Ladislav Mokrý]
260 ## - PUBLICATION, DISTRIBUTION, ETC.
Place of publication, distribution, etc. Bratislava
Name of publisher, distributor, etc. Slovenské vydavateľstvo krásnej literatúry
Date of publication, distribution, etc. 1959
300 ## - PHYSICAL DESCRIPTION
Extent 122 s.
Dimensions 15 cm
366 ## - TRADE AVAILABILITY INFORMATION
Note 1 700 výt.
490 1# - SERIES STATEMENT
Series statement Edícia operných libriet
Volume/sequential designation 7. zv.
500 ## - GENERAL NOTE
General note Brožovaná
500 ## - GENERAL NOTE
General note Preložené z nemčiny
650 07 - SUBJECT ADDED ENTRY--TOPICAL TERM
Topical term or geographic name entry element opery
Source of heading or term SNKPH
650 07 - SUBJECT ADDED ENTRY--TOPICAL TERM
Topical term or geographic name entry element libretá
Source of heading or term SNKPH
700 ## - ADDED ENTRY--PERSONAL NAME
Personal name Krčméry-Vrteľová, Jela,
Dates associated with a name 1924-2021
Relationship trl
700 ## - ADDED ENTRY--PERSONAL NAME
Personal name Mokrý, Ladislav,
Dates associated with a name 1932-2000
Relationship oth
830 #0 - SERIES ADDED ENTRY--UNIFORM TITLE
Uniform title Edícia operných libriet
Volume/sequential designation 7. zv.
910 ## - USER-OPTION DATA (OCLC)
User-option data hevk
910 ## - USER-OPTION DATA (OCLC)
User-option data svkbb
942 ## - ADDED ENTRY ELEMENTS (KOHA)
Source of classification or shelving scheme Dewey Decimal Classification
Koha item type Krásna literatúra pre dospelých
Suppress in OPAC No
949 ## - LOCAL PROCESSING INFORMATION (OCLC)
6 270001000482423
a svkbbS 8573
b svkbbm 212687
949 ## - LOCAL PROCESSING INFORMATION (OCLC)
6 273K0389442
a svkpoA 27152
b svkpo64872
Holdings
Stav vyradenia Strata Poškodenie Spôsob nadobudnutia Domovská knižnica Aktuálna knižnica Dátum nadobudnutia Total checkouts Čiarový kód exemplára Date last seen Typ exemplára Verejná poznámka
      Dar Obecná knižnica Horná Štubňa Obecná knižnica Horná Štubňa 07.02.2026   4736201118 07.02.2026 Krásna literatúra pre dospelých divadelná hra
Projekt je podporený Slovenskou asociáciou knižníc
Prevádzkuje Turčianska knižnica Martin 2026